| 000 | 00365nam a2200157Ia 4500 | ||
|---|---|---|---|
| 003 | OSt | ||
| 005 | 20240221165956.0 | ||
| 008 | 170524s9999 xx 000 0 und d | ||
| 020 | _a 978-8847607538 | ||
| 040 | _cIIMT | ||
| 100 | _aEnglish Edition | ||
| 245 | 4 | _aThe cooking of venice and the northeast | |
| 260 | _bBonanchi | ||
| 260 | _c2004 | ||
| 942 |
_2ddc _c02 |
||
| 999 |
_c7104 _d7104 |
||